Business Its Nature and Enviroment (Record no. 4249)

MARC details
000 -LEADER
fixed length control field 00363nam a22001457a 4500
008 - FIXED-LENGTH DATA ELEMENTS--GENERAL INFORMATION
fixed length control field 250709b |||||||| |||| 00| 0 eng d
020 ## - INTERNATIONAL STANDARD BOOK NUMBER
ISBN NIL
100 ## - MAIN ENTRY--AUTHOR
Author GLOSE, E. Raymond
245 ## - TITLE STATEMENT
Title Business Its Nature and Enviroment
250 ## - EDITION STATEMENT
Edition statement 8th
260 ## - PUBLICATION, DISTRIBUTION, ETC. (IMPRINT)
Place of publication Cincinnati
Name of publisher South Western Publishing
Date of publication 1976
300 ## - COLLATION
Pagination xii, 605
942 ## - ADDED ENTRY ELEMENTS (KOHA)
Item type Books
050 ## - LIBRARY OF CONGRESS CALL NUMBER
Classification number HF3551
Item number .G56

No items available.